[Event "ACT-ch"]
[Site "Canberra"]
[Date "2002.10.09"]
[Round "10"]
[White "Bokulic, Victor"]
[Black "Logan, John"]
[Result "1-0"]
[WhiteElo "1619"]
[BlackElo "1464"]
[PlyCount "43"]
[EventDate "2002.08.07"]
[EventType "swiss"]
[EventRounds "11"]
[EventCountry "AUS"]
[SourceTitle "EXT 2006"]
[Source "ChessBase"]
[SourceDate "2005.11.24"]
[SourceVersion "1"]
[SourceVersionDate "2005.11.24"]
[SourceQuality "1"]

1. e4 e5 2. Nf3 Nf6 3. d4 exd4 4. e5 Ng4 5. Qxd4 d6 6. exd6 Bxd6 7. Bg5 f6 8. Qe4+ Kf7 9. Bc4+ Kf8 10. Bf4 Bxf4 11. Qxf4 Qe7+ 12. Be2 Nc6 13. Nc3 Nge5 14. 0-0 Be6 15. Nxe5 Nxe5 16. Rfe1 Rd8 17. Bf3 c6 18. Rxe5 g5 19. Rxg5 Rd6 20. Rg3 Ke8 21. Re1 f5 22. Rg7 1-0

[Event "ACT-ch"]
[Site "Canberra"]
[Date "2002.09.25"]
[Round "8"]
[White "Bokulic, Victor"]
[Black "Cutting, Luke"]
[Result "1-0"]
[WhiteElo "1619"]
[BlackElo "1501"]
[PlyCount "79"]
[EventDate "2002.08.07"]
[EventType "swiss"]
[EventRounds "11"]
[EventCountry "AUS"]
[SourceTitle "EXT 2006"]
[Source "ChessBase"]
[SourceDate "2005.11.24"]
[SourceVersion "1"]
[SourceVersionDate "2005.11.24"]
[SourceQuality "1"]

1. e4 c5 2. Nf3 Nc6 3. d4 cxd4 4. Nxd4 g6 5. Nc3 Bg7 6. Be3 d6 7. Bb5 Bd7 8. 0-0 Nf6 9. f3 0-0 10. Qd2 a6 11. Nxc6 bxc6 12. Bc4 Qc7 13. Rab1 e6 14. Bh6 d5 15. Bxg7 Kxg7 16. Bd3 Kg8 17. Qe2 Ne8 18. Kh1 a5 19. e5 c5 20. Bb5 c4 21. Bxd7 Qxd7 22. a4 Nc7 23. b3 d4 24. Ne4 d3 25. Nf6+ Kh8 26. Qd2 Qd8 27. Qh6 Qxf6 28. exf6 Rg8 29. cxd3 cxd3 30. Rfd1 Rad8 31. Qg5 Rd5 32. Qe3 Rgd8 33. Rbc1 Ne8 34. Rc3 Nxf6 35. Rcxd3 Rc8 36. Rxd5 Nxd5 37. Qe5+ Kg8 38. h4 h5 39. Rxd5 exd5 40. Qxd5 1-0

[Event "ACT-ch"]
[Site "Canberra"]
[Date "2002.09.04"]
[Round "5"]
[White "Oliver, Gareth"]
[Black "Bokulic, Victor"]
[Result "1-0"]
[WhiteElo "1638"]
[BlackElo "1619"]
[PlyCount "119"]
[EventDate "2002.08.07"]
[EventType "swiss"]
[EventRounds "11"]
[EventCountry "AUS"]
[SourceTitle "EXT 2006"]
[Source "ChessBase"]
[SourceDate "2005.11.24"]
[SourceVersion "1"]
[SourceVersionDate "2005.11.24"]
[SourceQuality "1"]

1. d4 f5 2. e4 fxe4 3. Nc3 Nf6 4. Bg5 g6 5. Bc4 c6 6. d5 d6 7. Bxf6 exf6 8. Nxe4 Qe7 9. Qe2 Kd8 10. dxc6 bxc6 11. 0-0-0 d5 12. Nc3 Qxe2 13. Ngxe2 Nd7 14. Bb3 Kc7 15. Nd4 Bh6+ 16. Kb1 Ne5 17. Rhe1 Bd7 18. Na4 Rae8 19. f3 Nf7 20. Nc5 Rxe1 21. Rxe1 Re8 22. Rxe8 Bxe8 23. c4 Be3 24. cxd5 Nd8 25. Nde6+ Nxe6 26. Nxe6+ Kd6 27. dxc6 Kxc6 28. Kc2 Kd6 29. Kd3 Bc1 30. Kc2 Be3 31. Kc3 h5 32. Nd4 Bf2 33. Bc4 h4 34. h3 Bd7 35. Bd3 g5 36. b4 Be1+ 37. Kb3 Bf2 38. Ne2 Kc6 39. Nc3 Be6+ 40. Bc4 Bxc4+ 41. Kxc4 Bb6 42. Ne4 Bd8 43. a4 f5 44. Nc5 Be7 45. b5+ Kd6 46. a5 Kc7 47. Kd5 f4 48. Nd3 Kb7 49. Ne5 a6 50. b6 Bb4 51. Nc4 Bxa5 52. Nxa5+ Kxb6 53. Nc4+ Kb5 54. Nd6+ Kb4 55. Nb7 Kc3 56. Ke5 Kd3 57. Kf5 Ke3 58. Kxg5 Kf2 59. Kxf4 Kxg2 60. Kg4 1-0

[Event "ACT-ch"]
[Site "Canberra"]
[Date "2002.08.07"]
[Round "1"]
[White "McCart, Roger"]
[Black "Bokulic, Victor"]
[Result "1-0"]
[WhiteElo "1518"]
[BlackElo "1619"]
[PlyCount "93"]
[EventDate "2002.08.07"]
[EventType "swiss"]
[EventRounds "11"]
[EventCountry "AUS"]
[SourceTitle "EXT 2006"]
[Source "ChessBase"]
[SourceDate "2005.11.24"]
[SourceVersion "1"]
[SourceVersionDate "2005.11.24"]
[SourceQuality "1"]

1. e4 c6 2. d4 d5 3. Nc3 dxe4 4. Nxe4 f5 5. Nc5 b6 6. Nb3 Nf6 7. Nf3 Nbd7 8. Bd3 g6 9. Ng5 e5 10. Ne6 Qe7 11. Nxf8 Nxf8 12. dxe5 Qxe5+ 13. Qe2 Qxe2+ 14. Kxe2 Bb7 15. Re1 0-0-0 16. Kf1 N8d7 17. Bg5 Rde8 18. f3 Rxe1+ 19. Rxe1 Re8 20. Rd1 h5 21. Bd2 Nd5 22. Kf2 Ne5 23. Bf1 f4 24. Re1 g5 25. c4 Nf6 26. Bc3 Ned7 27. Rd1 Kc7 28. a4 c5 29. a5 g4 30. axb6+ axb6 31. Nc1 h4 32. Nd3 g3+ 33. hxg3 hxg3+ 34. Kg1 Nh5 35. Ra1 Kd6 36. b4 Kc6 37. Bd2 Rf8 38. Ra7 Kc7 39. bxc5 bxc5 40. Ra5 Kd6 41. Be2 Rf5 42. Bd1 Ne5 43. Nxc5 Nxf3+ 44. gxf3 Kc6 45. Ba4+ Kb6 46. Rb5+ Kc7 47. Rxb7+ 1-0